000 00301nam a22001337a 4500
008 181102b xxu||||| |||| 00| 0 eng d
020 _a9780830412686
041 _aeng
080 _a370
100 _a49
101 _aEDU
245 _aUndestanding General Practice
_cKaren.K.K
942 _2udc
_cBK
999 _c51750
_d51750